000
00270nam a2200109Ia 4500
008
220204s9999 xx 000 0 und d
082
_a
021
_b
ING
100
_a
Inglis, B
245
0
_a
Natural and supernatural
260
_a
London
_b
Hodder and Stoughton
_c
1977
942
_c
BK
999
_c
28014
_d
28014